Statistics for Geography F

Click here to take the quiz!

General Stats

  • This quiz has been taken 35 times
  • The average score is 9 of 10

Answer Stats

HintAnswer% Correct
An active volcano and is the largest in japanMt. Fuji
100%
3rd largest city in morocco and I’d a round
Red hat
Fez
97%
A country that kicked the USSR and Famous
For skiing and is most disputed in Scandinavia
Finland
97%
Germanys 5th largest cityFrankfurt
97%
Most southern geographical state in the 48Florida
91%
Witch danish archipelago is 200 miles
North of uk
Faroe Islands
88%
Oceania’s four most populous countryFiji
88%
Island chain disputed by uk and a********Falklands
85%
A type of jagged wild bay visible from space
In Norway
Fjord
79%
Frances largest overseas territoryFrench Guiana
59%

Score Distribution

Percentile by Number Answered

Percent of People with Each Score

Your Score History

You have not taken this quiz